00506 2200205 4500001002100000005001500021008004100036020002200077035001900099041000700118082000800125090001400133100002300147700001300170245003400183260003200217300002600249500001000275650001500285INLIS00000000000192120241224112436241224||||||||| | ||| |||| || |  a978-602-18065-6-2 0010-1224001921 aid0 a510 a510 SIT b0 aSiti Nurma Nugraha0 aSulaiman00aBuku Jagoan Matematika SMA/MA adepokbpustaka makmurc2012 aiv, 336 hlm. : 19 cm. aCet.1 0aIlmu Murni